000 00842nam a22002295i 4500
001 175083
003 ES-MaACL
005 20250815103923.0
008 101005s1950 sp a |||| | spa d
080 _a631.432
100 1 _aHoyos de Castro, Angel.
_964433
245 1 3 _aLa estática del sistema "suelo-agua" /
_cpor A. Hoyos de Castro y J.L. Martín Vivaldi.
260 _a[Madrid] :
_bInstituto de Edafología y Fisiología Vegetal,
_c1950.
300 _a142 p. :
_bil. ;
_c26 cm.
490 1 _aMonografías de ciencia moderna ;
_v23
650 1 4 _aSuelos-
_xHumedad.
_9143448
700 1 _aMartin Vivaldi, J. L.
_9143449
710 2 _aInstituto de Edafología y Fisiología Vegetal.
_9143435
830 1 _aMonografías de ciencia moderna
_v23
_9189470
852 4 _aES-MaACL
_jE-13289
_xOlim P-555 bis
999 _c175083
_d175083